000 00513nam a2200193Ia 4500
999 _c6384
_d6384
003 0100
008 130227s9999 xx 000 0 und d
040 _cARRUPELIB
050 _aDT445.3.M478 2005
100 _aMbogoni, Lawrence E.Y.
_930026
245 4 _aThe Cross versus The Crescent
245 _bReligion and politics in Tanzania from the 1880s to the 1990s
260 _bMkuki na Nyota Publishers
_aDar es Salaam
_c2005
300 _axi
300 _b 230p. :23cm.
650 _aChurch and state
_xHistory
_zTanzania
_930027
650 _aIslam
_xRelations
_xChristianity
_zTanzania
_930028
942 _2lcc
_01
_cMONOGRAPH